|
|
|
|
| LEADER |
00000nam0a2200000 4500 |
| 001 |
257419 |
| 005 |
20231101233212.0 |
| 035 |
|
|
|a (RuTPU)RU\TPU\book\280216
|
| 090 |
|
|
|a 257419
|
| 100 |
|
|
|a 20140416d1987 k y0rusy50 ca
|
| 101 |
0 |
|
|a rus
|
| 102 |
|
|
|a RU
|
| 105 |
|
|
|a a z 001zy
|
| 200 |
1 |
|
|a Поиски, разведка и геолого-промышленная оценка апатитовых месторождений хибинского типа
|e методические основы
|f отв. за вып. Е. А. Каменев
|
| 210 |
|
|
|a Ленинград
|c Недра
|d 1987
|
| 215 |
|
|
|a 188 с.
|c ил.
|
| 320 |
|
|
|a Библиогр.: с. 187-188.
|
| 606 |
1 |
|
|a Апатитовые месторождения
|2 stltpush
|3 (RuTPU)RU\TPU\subj\29286
|9 52654
|
| 610 |
1 |
|
|a поиски
|
| 610 |
1 |
|
|a разведка
|
| 610 |
1 |
|
|a Хибинский массив
|
| 610 |
1 |
|
|a рудные поля
|
| 610 |
1 |
|
|a структуры
|
| 610 |
1 |
|
|a апатиты
|
| 610 |
1 |
|
|a прогнозирование
|
| 610 |
1 |
|
|a обогащение
|
| 610 |
1 |
|
|a геофизические исследования
|
| 610 |
1 |
|
|a оптимальные методы
|
| 610 |
1 |
|
|a экономическая эффективность
|
| 610 |
1 |
|
|a фосфатное сырье
|
| 610 |
1 |
|
|a месторождения
|
| 675 |
|
|
|a 553.641
|v 3
|
| 702 |
|
1 |
|a Каменев
|b Е. А.
|4 540
|
| 801 |
|
1 |
|a RU
|b 63413507
|c 20140416
|
| 801 |
|
2 |
|a RU
|b 63413507
|c 20141017
|g RCR
|
| 942 |
|
|
|c BK
|